|
|
|
|
| LEADER |
01404nam a2200373 a 4500 |
| 001 |
EBC809146 |
| 003 |
MiAaPQ |
| 005 |
20200520144314.0 |
| 006 |
m o d | |
| 007 |
cr cn||||||||| |
| 008 |
111213s2005 sz a s 000 0 eng d |
| 020 |
|
|
|z 9221182487 (CD-ROM)
|
| 020 |
|
|
|z 9221182460 (print)
|
| 020 |
|
|
|z 9789221182467
|
| 020 |
|
|
|a 9789221182474 (electronic bk.)
|
| 035 |
|
|
|a (MiAaPQ)EBC809146
|
| 035 |
|
|
|a (Au-PeEL)EBL809146
|
| 035 |
|
|
|a (CaPaEBR)ebr10512119
|
| 035 |
|
|
|a (OCoLC)772844513
|
| 040 |
|
|
|a MiAaPQ
|c MiAaPQ
|d MiAaPQ
|
| 050 |
|
4 |
|a HF5549.5.E43
|b I58 2005
|
| 245 |
0 |
0 |
|a Framework guidelines for addressing workplace violence in the health sector
|h [electronic resource] :
|b the training manual.
|
| 260 |
|
|
|a Geneva :
|b International Labour Organization,
|c 2005.
|
| 300 |
|
|
|a viii, 122 p. :
|b ill.
|
| 533 |
|
|
|a Electronic reproduction. Ann Arbor, MI : ProQuest, 2015. Available via World Wide Web. Access may be limited to ProQuest affiliated libraries.
|
| 650 |
|
0 |
|a Violence in the workplace.
|
| 650 |
|
0 |
|a Medical care.
|
| 655 |
|
4 |
|a Electronic books.
|
| 710 |
2 |
|
|a International Council of Nurses.
|
| 710 |
2 |
|
|a Public Services International.
|
| 710 |
2 |
|
|a World Health Organization.
|
| 710 |
2 |
|
|a International Labour Office.
|
| 710 |
2 |
|
|a ProQuest (Firm)
|
| 856 |
4 |
0 |
|u https://ebookcentral.proquest.com/lib/matrademy/detail.action?docID=809146
|z Click to View
|